| 000 | 01704ngm a22004090a 4500 | ||
|---|---|---|---|
| 001 | PT41507 | ||
| 003 | AR-LpoUNG | ||
| 005 | 20210201235917.0 | ||
| 007 | vd cvaizq | ||
| 008 | 191001s2010||||ag |||||||||||||||||eng d | ||
| 037 | _c$7.75 | ||
| 040 |
_aAR-LpoUNG _bspa _cAR-LpoUNG _eaacr |
||
| 041 |
_aeng _aspa |
||
| 044 | _aag | ||
| 082 | 0 | _a302.15 136bil | |
| 100 | 1 |
_aDaldry, Stephen _edir. |
|
| 245 | 1 | 0 | _aBilly Elliot |
| 260 |
_aBuenos Aires : _bLeader Vision, _c2010. |
||
| 300 | _aDVD (106 min.) : son., col. | ||
| 505 | 0 | _aGuión: Lee Hall. - Hecha en el año 2000. - Elenco: Jamie Bell, Julie Walters, Gary Lewis. - Diálogos en inglés, subtítulos en castellano. El ítem 00047602 fue dado de baja. | |
| 520 | _a<p>La vida del hijo de un obrero cambia para siempre cuando, en su camino a las lecciones de boxeo, se cruza con una clase de ballet. Uniéndose a la clase, pero sin contárselo a su padre viudo ni a su autoritario hermano, Billy, de once años, muestra un talento innato, que es inmediatamente reconocido por su instructora. Pero él se siente dividido entre sus responsabilidades para con su familia y su insuperable pasión por la danza.</p> | ||
| 650 | 4 | _aCONDICION SOCIAL | |
| 650 | 4 | _aDRAMA | |
| 650 | 4 | _aPAPELES SOCIALES | |
| 650 | 4 | _aROL MASCULINO | |
| 650 | 4 | _aROLES DE LOS GENEROS | |
| 650 | 4 | _aSOCIEDAD | |
| 651 | 4 | _aReino Unido de Gran Bretaña e Irlanda del Norte | |
| 653 | _aCOMEDIA | ||
| 653 | _aDVD | ||
| 653 | _aVIDEOS | ||
| 710 | 2 | _aBBC Films (firma comercial) | |
| 710 | 2 | _aThe Arts Council (firma comercial) | |
| 710 | 2 | _aWorking Title films (firma comercial) | |
| 905 | _a41507 | ||
| 942 | _cDVD | ||
| 999 |
_c53761 _d53761 |
||